000 00788cam a2200217 a 4500
999 _c59561
_d59561
001 12314758
005 20230314171922.0
008 010209s1999 enk f fg 001 0 eng
020 _a1853286451x
041 _aeng
080 _a174 : 347.965 T-44
245 0 4 _aThe guide to the professional conduct of solicitors /
_cgeneral editor, Nicola Taylor.
250 _aEighth edition
264 _aLondon :
_bLaw Society Publishing,
_c1999.
300 _a893 p. ;
_c24 cm.
653 _aადვოკატთა პროფესიული ქცევის სახელმძღვანელო
653 _aიურიდიული ეთიკა
653 _aსამართალი
700 1 _aTaylor, Nicola.
_eავტორი
_917211
942 _2udc
_cBK